01383nam a2200385Ia 4500001000900000003000500009005001700014008004100031010001100072020001800083040000900101082002600110100003200136245006500168250001100233260003100244300001100275503000800286504003100294590002400325650005800349650002600407650005200433650007100485650002900556650004300585650002700628650003400655901002600689902000600715905006300721942001500784999001900799952017900818dia_1388CHAP20230313090508.0220117s1992 xx 000 0 und d a171933 a968-6334-07-6 cCHAP aC 615.321972 M37 1992 aMartínez, Maximino972693 aLas plantas medicinales de México /c Maximino Martínez a6a ed. aMéxico :b Botas,c1992 a656 p. aC/e aBibliografía: p. 615-617 aC RS160.M4 M37 1992 aFarmacognosiaxDiccionarios y enciclopedias 9150662 aFitoterapia 9150663 aHerbsxTherapeutic usexEncyclopedias 9150664 aHierbasxUso terapéuticoxDiccionarios y enciclopedias 9150665 aMedicinal plants9150666 aPharmacognosyxEncyclopedias 9150667 aPhytotherapy 9150668 aPlantas medicinales 9150669 aC 615.321972 M37 1992 aM a5232271992 mx af 8222223322spa16 cLIBRO2ddc c171933d171933 00102ddc4051708CaIA_bIA_d1993-12-07eCompra Librería Patena F. 7065 / R. (07/12/1993)g72000.00l0oC 615.321972 M37 1992pdia_004261r2022-01-18 00:00:00t1yLIBRO